000 00299nam a22001337a 4500
008 170221b xxu||||| |||| 00| 0 eng d
020 _a9780781739276
041 _aeng
080 _27TH
_a615
100 _a5
101 _aSHF
245 _aCLINICAL DRUG THERAPY
_cKIRKPATRICK, M.J
942 _2udc
_cBK
999 _c5952
_d5952